Admirables efectos de la providencia sucedidos en la vida e imperio de Leopoldo primero, invictissimo emperador de romanos, reduzelos a anales historicos la verdad. (Record no. 8243)
[ view plain ]
| 000 -CABECERA | |
|---|---|
| campo de control de longitud fija | 01299nam a2200265 a 4500 |
| 001 - NÚMERO DE CONTROL | |
| campo de control | BRCA_8580 |
| 005 - FECHA Y HORA DE LA ÚLTIMA TRANSACCIÓN | |
| campo de control | 20190320210334.0 |
| 008 - DATOS DE LONGITUD FIJA--INFORMACIÓN GENERAL | |
| campo de control de longitud fija | 190816s1716----be-a######---#000-0#spa-# |
| 050 #4 - SIGNATURA TOPOGRÁFICA DE LA BIBLIOTECA DEL CONGRESO | |
| Número de clasificación | KW3194 |
| Número de documento/Ítem | .A36 |
| -- | 1716 |
| 245 10 - MENCIÓN DE TÍTULO | |
| Título | Admirables efectos de la providencia sucedidos en la vida e imperio de Leopoldo primero, invictissimo emperador de romanos, reduzelos a anales historicos la verdad. |
| 260 ## - PUBLICACIÓN, DISTRIBUCIÓN, ETC. | |
| Lugar de publicación, distribución, etc. | Amberes |
| Nombre del editor, distribuidor, etc. | Henrico y Cornelio Verdussen |
| Fecha de publicación, distribución, etc. | 1716 |
| 300 ## - DESCRIPCIÓN FÍSICA | |
| Extensión | T.III, 304 p. |
| Otras características físicas | il. |
| Dimensiones | 32 cm |
| 500 ## - NOTA GENERAL | |
| Nota general | Fondo antiguo |
| 500 ## - NOTA GENERAL | |
| Nota general | Se encuentra en Caja Fuerte |
| 500 ## - NOTA GENERAL | |
| Nota general | 13-57 |
| 500 ## - NOTA GENERAL | |
| Nota general | En portada: tomo tercero, en que se trata de los sucesos del año 1682, hasta el de 1687. Nueva impression corregida de muchas erratas y enriquezida con lindissimas estampas y retratos de los heroes y varones ilustres |
| 500 ## - NOTA GENERAL | |
| Nota general | Uso de letras capitulares |
| 500 ## - NOTA GENERAL | |
| Nota general | Texto a dos columnas |
| 500 ## - NOTA GENERAL | |
| Nota general | Estado físico: roturas en diversas páginas, se observan manchas de humedad y daño por polilla |
| 500 ## - NOTA GENERAL | |
| Nota general | Nota de encuadernación: en piel con cartón deteriorada, tapas desgastadas |
| 506 0# - NOTA DE RESTRICCIONES AL ACCESO | |
| Limitaciones de acceso | Fondo reservado: para su consulta es necesario credencial de usuario y carta de motivos |
| 650 14 - PUNTO DE ACCESO ADICIONAL DE MATERIA--TÉRMINO DE MATERIA | |
| Término de materia o nombre geográfico como elemento de entrada | Leopoldo I |
| Término indicativo de función/relación | Emperador Romano |
| Subdivisión cronológica | 1640-1705 |
| 9 (RLIN) | 21483 |
| 902 ## - CATALOGADOR | |
| Iniciales | LAR |
| 942 ## - ELEMENTOS DE PUNTO DE ACCESO ADICIONAL (KOHA) | |
| Fuente del sistema de clasificación o colocación | Library of Congress Classification |
| Tipo de ítem Koha | Libros |
| Estado de retiro | Estado de pérdida | Estado dañado | No para préstamo | Localización permanente | Ubicación/localización actual | Fecha de adquisición | Total de préstamos | Signatura topográfica completa | Código de barras | Fecha visto por última vez | Precio válido a partir de | Tipo de ítem Koha |
|---|---|---|---|---|---|---|---|---|---|---|---|---|
| El ejemplar forma parte de la colección y puede ser consultado según las políticas vigentes. | Biblioteca del Museo Franz Mayer (Rogerio Casas-Alatriste) | Biblioteca del Museo Franz Mayer (Rogerio Casas-Alatriste) | 19/08/2016 | KW3194 .A36 1716 | LAR00085 | 22/03/2019 | 22/03/2019 | Libros |